| 000 | 00790nam a2200277Ia 4500 | ||
|---|---|---|---|
| 003 | GCL | ||
| 008 | 140319s9999 xx 000 0 ara d | ||
| 040 |
_aGCL / _cGCL |
||
| 082 | 0 | 4 |
_aق _b630 _bج م |
| 100 | 1 | _aجمال حمدان | |
| 245 | 1 | 0 |
_aمن خريطة الزراعة المصرية / _cجمال حمدان |
| 260 |
_a[S.N] : _bدار الشروق ، _c1984 |
||
| 300 | _a207 ص | ||
| 490 | _a | ||
| 650 | 0 | 4 | _aمصر |
| 650 | 0 | 4 | _aالزراعة |
| 650 | 0 | 4 | _aالمحاصيل الزراعية |
| 650 | 0 | 4 | _aاقتصاديات |
| 650 | 0 | 4 | _aالتخطيط الزراعى |
| 650 | 0 | 4 | _aالانتاج |
| 650 | 0 | 4 | _aالاغذية |
| 650 | 0 | 4 | _aالاراضى الزراعية |
| 650 | 0 | 4 | _aالمحاصيل |
| 650 | 0 | 4 | _aالاحصائيات |
| 942 |
_2ddc _cBK |
||
| 999 |
_c31078 _d31078 |
||